| 000 | 00400cam a2200169ua 4500 | ||
|---|---|---|---|
| 020 | _c3.00 | ||
| 041 |
_amal _h |
||
| 082 |
_a020 _bNAR/GR |
||
| 100 | _aNarayanan, T S . | ||
| 245 |
_aGranthalaya vijnanam / _cT S Narayanan. _hTextual Documents |
||
| 260 |
_aThrissur : _bCurrent Books , _c1960. |
||
| 300 | _a191 ; . | ||
| 365 | _a3.00 | ||
| 504 | _a | ||
| 942 | _cBK | ||
| 999 |
_c4881 _d4881 |
||